[Event "SVK-ch U18/20"]
[Site "Tatralandia"]
[Date "2024.04.06"]
[Round "2"]
[White "Vojtas, Marek"]
[Black "Janik, Marek Tobias"]
[Result "1-0"]
[WhiteElo "1676"]
[BlackElo "1885"]
[PlyCount "73"]
[EventDate "2024.04.05"]
[EventType "swiss"]
[EventRounds "9"]
[EventCountry "SVK"]
[SourceTitle "CBM 219 Extra"]
[Source "ChessBase"]
[SourceDate "2024.05.31"]
[SourceVersion "1"]
[SourceVersionDate "2024.05.31"]
[SourceQuality "1"]

1. e4 e5 2. Nc3 Nf6 3. f4 d5 4. fxe5 Nxe4 5. Qf3 Nc6 6. Bb5 Nxc3 7. bxc3 Qh4+ 8. g3 Qe4+ 9. Qxe4 dxe4 10. d4 Bd7 11. Bxc6 Bxc6 12. Ne2 Be7 13. Rf1 Bd5 14. Nf4 Bc4 15. Rf2 0-0 16. Ng2 Rad8 17. Ne3 Bb5 18. a4 Bc6 19. Nf5 Rfe8 20. Nxe7+ Rxe7 21. Bg5 Red7 22. Bxd8 Rxd8 23. Kd2 Bd5 24. Ke3 c6 25. Rb1 Rb8 26. c4 Bxc4 27. Kxe4 Bd5+ 28. Kd3 b5 29. axb5 cxb5 30. Ra1 Rb7 31. c3 Kf8 32. Ra5 Ke7 33. Rb2 Bc4+ 34. Ke4 Rd7 35. Rb1 f5+ 36. Ke3 Ke6 37. Rba1 1-0

[Event "SVK-ch U18/20"]
[Site "Tatralandia"]
[Date "2024.04.05"]
[Round "1"]
[White "Janik, Marek Tobias"]
[Black "Turcan, Richard"]
[Result "0-1"]
[WhiteElo "1885"]
[BlackElo "2365"]
[PlyCount "106"]
[EventDate "2024.04.05"]
[EventType "swiss"]
[EventRounds "9"]
[EventCountry "SVK"]
[SourceTitle "CBM 219 Extra"]
[Source "ChessBase"]
[SourceDate "2024.05.31"]
[SourceVersion "1"]
[SourceVersionDate "2024.05.31"]
[SourceQuality "1"]

1. e4 c5 2. Nf3 d6 3. c4 e5 4. Nc3 Nc6 5. d3 g6 6. Be2 Bg7 7. 0-0 Nge7 8. Ne1 0-0 9. f4 f5 10. Nc2 Be6 11. Rb1 a6 12. a4 a5 13. Nd5 fxe4 14. dxe4 exf4 15. Bxf4 Ne5 16. Qd2 Nxd5 17. cxd5 Bd7 18. b3 Qe7 19. Bg5 Bf6 20. Bxf6 Rxf6 21. Rxf6 Qxf6 22. Rf1 Qh4 23. Qf4 Qxf4 24. Rxf4 Re8 25. Ne3 Kg7 26. h4 Rb8 27. Nd1 b5 28. Nc3 bxa4 29. bxa4 Rb3 30. Nb5 Bxb5 31. Bxb5 c4 32. Rf2 Re3 33. Kf1 Rxe4 34. g3 Ng4 35. Rf4 Rxf4+ 36. gxf4 Ne3+ 37. Kf2 Nxd5 38. Bxc4 Nb6 39. Bb3 Kf6 40. Kf3 Nd7 41. Ke3 Kf5 42. Kf3 Nc5 43. Bc2+ Ke6 44. Ke3 Kd5 45. f5 gxf5 46. Bxf5 h6 47. Bc2 Ke5 48. Bd1 d5 49. Kf3 Nd3 50. Ke3 Nf4 51. Bf3 d4+ 52. Kd2 Ng6 53. h5 Nf4 0-1

[Event "SVK-chT2C 2324"]
[Site "Slovakia"]
[Date "2024.03.17"]
[Round "11.6"]
[White "Carnecky, Viliam"]
[Black "Janik, Marek Tobias"]
[Result "1/2-1/2"]
[WhiteElo "1752"]
[BlackElo "1946"]
[PlyCount "65"]
[EventDate "2023.10.07"]
[EventType "team-tourn"]
[EventRounds "11"]
[EventCountry "SVK"]
[SourceTitle "EXT 2025"]
[Source "ChessBase"]
[SourceDate "2024.10.14"]
[SourceVersion "1"]
[SourceVersionDate "2024.10.14"]
[SourceQuality "1"]
[WhiteTeam "Zilina Mladost II"]
[BlackTeam "Liptov Chess School III"]
[WhiteTeamCountry "SVK"]
[BlackTeamCountry "SVK"]

1. e4 c5 2. c3 d5 3. exd5 Qxd5 4. d4 Nf6 5. Nf3 e6 6. Be3 cxd4 7. cxd4 Nc6 8. Nc3 Bb4 9. a3 Bxc3+ 10. bxc3 0-0 11. Be2 Rd8 12. 0-0 b6 13. Bg5 Bb7 14. Bxf6 gxf6 15. Qd2 Ne7 16. Qh6 Ng6 17. Bd3 Kh8 18. Rae1 f5 19. Bc4 Qxf3 20. gxf3 Rg8 21. Re3 Ne5+ 22. Kh1 Nxc4 23. Qf6+ Rg7 24. Rg1 Rag8 25. Rxg7 Rxg7 26. Qd8+ Rg8 27. Qf6+ Rg7 28. Qd8+ Rg8 29. Qc7 Bd5 30. Qf4 Rg4 31. Qb8+ Rg8 32. Qf4 Rg4 33. Qb8+ 1/2-1/2

[Event "SVK-chT2C 2324"]
[Site "Slovakia"]
[Date "2024.02.11"]
[Round "9.5"]
[White "Janik, Marek Tobias"]
[Black "Debnar, Jan"]
[Result "0-1"]
[WhiteElo "1946"]
[BlackElo "1927"]
[PlyCount "86"]
[EventDate "2023.10.07"]
[EventType "team-tourn"]
[EventRounds "11"]
[EventCountry "SVK"]
[SourceTitle "EXT 2025"]
[Source "ChessBase"]
[SourceDate "2024.10.14"]
[SourceVersion "1"]
[SourceVersionDate "2024.10.14"]
[SourceQuality "1"]
[WhiteTeam "Liptov Chess School III"]
[BlackTeam "Detva"]
[WhiteTeamCountry "SVK"]
[BlackTeamCountry "SVK"]

1. d4 Nf6 2. c4 b6 3. Nc3 Bb7 4. Qc2 e6 5. e4 Bb4 6. Bd3 c5 7. d5 b5 8. b3 bxc4 9. bxc4 e5 10. Nge2 d6 11. 0-0 Nbd7 12. Nd1 Nh5 13. Ne3 g6 14. f4 0-0 15. f5 g5 16. f6 Ndxf6 17. Nf5 Ne8 18. Neg3 Nxg3 19. Nxg3 Ng7 20. Qe2 Bc8 21. Nh5 f6 22. Be3 Bd7 23. Rf2 Nxh5 24. Qxh5 Qe8 25. Qf3 Qg6 26. Raf1 Kg7 27. Be2 Rab8 28. Qg3 g4 29. Qh4 Bc3 30. Rf5 Bd4 31. Bxd4 exd4 32. R5f4 h5 33. Bd3 Qg5 34. Qf2 a5 35. Qe1 Rb4 36. a3 Rb3 37. Bc2 Rxa3 38. Qb1 Qe5 39. Qb7 Rf7 40. Qb8 Rc3 41. Bb3 d3 42. Ba2 d2 43. Qb2 Qd4+ 0-1

[Event "SVK-chT1E 2223"]
[Site "Slovakia"]
[Date "2023.12.17"]
[Round "6.6"]
[White "Lisko, Frantisek"]
[Black "Janik, Marek Tobias"]
[Result "1-0"]
[WhiteElo "2175"]
[BlackElo "2038"]
[PlyCount "101"]
[EventDate "2023.10.21"]
[EventType "team-tourn"]
[EventRounds "11"]
[EventCountry "SVK"]
[SourceTitle "EXT 2025"]
[Source "ChessBase"]
[SourceDate "2024.10.14"]
[SourceVersion "1"]
[SourceVersionDate "2024.10.14"]
[SourceQuality "1"]
[WhiteTeam "Dunajov Martin"]
[BlackTeam "Liptov Chess School II"]
[WhiteTeamCountry "SVK"]
[BlackTeamCountry "SVK"]

1. d4 d5 2. c4 dxc4 3. e4 Nf6 4. e5 Nd5 5. Bxc4 Nb6 6. Bd3 Nc6 7. Ne2 Bg4 8. Be3 e6 9. Nbc3 Nb4 10. Be4 N4d5 11. 0-0 Bh5 12. Qb3 Bg6 13. Bf3 c6 14. Ne4 Be7 15. Bd2 0-0 16. Ba5 Qc8 17. g3 Nd7 18. Rac1 b6 19. Bd2 Qa6 20. N2c3 Rac8 21. Be2 Qb7 22. Qa4 a5 23. h4 h6 24. Rfe1 b5 25. Qb3 N7b6 26. Nxd5 Nxd5 27. Nc5 Bxc5 28. Rxc5 a4 29. Qf3 Qd7 30. Rec1 f6 31. Qg4 Bf5 32. Qh5 Kh7 33. Bd1 fxe5 34. dxe5 Bg6 35. Qe2 Nb6 36. b3 axb3 37. Bxb3 Rcd8 38. Ba5 Rb8 39. Rxc6 Nc4 40. Rc7 Qd5 41. Bb4 Rfc8 42. Rxc8 Rxc8 43. Rd1 Qc6 44. Rd4 Qc7 45. h5 Bf5 46. Bd6 Qb6 47. Rd1 Qc6 48. g4 Be4 49. Rd4 Bf3 50. Qd3+ Kh8 51. Bc2 1-0

[Event "SVK-chT2C 2324"]
[Site "Slovakia"]
[Date "2023.12.03"]
[Round "6.6"]
[White "Janik, Marek Tobias"]
[Black "Volna, Lukas"]
[Result "1-0"]
[WhiteElo "1946"]
[BlackElo "1908"]
[PlyCount "93"]
[EventDate "2023.10.07"]
[EventType "team-tourn"]
[EventRounds "11"]
[EventCountry "SVK"]
[SourceTitle "EXT 2025"]
[Source "ChessBase"]
[SourceDate "2024.10.14"]
[SourceVersion "1"]
[SourceVersionDate "2024.10.14"]
[SourceQuality "1"]
[WhiteTeam "Liptov Chess School III"]
[BlackTeam "Dunajov Martin III"]
[WhiteTeamCountry "SVK"]
[BlackTeamCountry "SVK"]

1. c4 b6 2. Nc3 Bb7 3. e4 e6 4. g3 c5 5. Bg2 Nc6 6. Nge2 g6 7. d3 Bg7 8. Be3 a6 9. 0-0 Nge7 10. a3 Nd4 11. Rb1 Qc7 12. b4 0-0 13. Na4 d6 14. Kh1 Nxe2 15. Qxe2 Bc6 16. Qc2 b5 17. Nc3 cxb4 18. axb4 Qb7 19. c5 d5 20. Ne2 dxe4 21. dxe4 Rfd8 22. Rfd1 h6 23. Nd4 e5 24. Nxc6 Nxc6 25. Rd5 Qc7 26. Qb3 Ne7 27. Rbd1 Nxd5 28. exd5 e4 29. Bxe4 Qe5 30. Bf3 a5 31. d6 a4 32. Qa2 Rab8 33. Bf4 Qc3 34. Kg2 Be5 35. Qd5 Bxf4 36. gxf4 Qxb4 37. c6 Qxf4 38. c7 b4 39. cxb8Q Rxb8 40. d7 Rd8 41. Re1 Qb8 42. Qc6 a3 43. Bd5 Kg7 44. Re7 Rf8 45. Qe6 Qf4 46. Rxf7+ Rxf7 47. Qxf7+ 1-0

[Event "SVK-chT2C 2324"]
[Site "Slovakia"]
[Date "2023.12.02"]
[Round "5.4"]
[White "Janik, Marek Tobias"]
[Black "Gollner, Martin"]
[Result "1/2-1/2"]
[WhiteElo "1946"]
[BlackElo "1823"]
[PlyCount "118"]
[EventDate "2023.10.07"]
[EventType "team-tourn"]
[EventRounds "11"]
[EventCountry "SVK"]
[SourceTitle "EXT 2025"]
[Source "ChessBase"]
[SourceDate "2024.10.14"]
[SourceVersion "1"]
[SourceVersionDate "2024.10.14"]
[SourceQuality "1"]
[WhiteTeam "Liptov Chess School III"]
[BlackTeam "Ondrasova Krivan"]
[WhiteTeamCountry "SVK"]
[BlackTeamCountry "SVK"]

1. d4 Nf6 2. c4 c5 3. d5 e6 4. Nc3 exd5 5. cxd5 d6 6. e4 g6 7. f4 Bg7 8. Bb5+ Nbd7 9. e5 Nh5 10. e6 Qh4+ 11. g3 Nxg3 12. hxg3 Qxh1 13. Be3 Qg2 14. Nge2 Qh3 15. Qb3 0-0 16. 0-0-0 Nf6 17. e7 Re8 18. Bxe8 Nxe8 19. Bxc5 dxc5 20. d6 Qd7 21. Ne4 Qc6 22. Qd5 Qxd5 23. Rxd5 Bd7 24. Nxc5 Rc8 25. Kd1 Nf6 26. Re5 Be8 27. Nc3 Nd7 28. Nxd7 Bxd7 29. Nd5 f5 30. Re2 Kf7 31. Nc7 Bd4 32. e8Q+ Bxe8 33. Re7+ Kf8 34. Ne6+ Kg8 35. Nxd4 Rd8 36. Ke2 Bf7 37. Rxb7 Rxd6 38. Ke3 Ra6 39. a3 Kg7 40. Rc7 Kf6 41. Rc6+ Rxc6 42. Nxc6 a6 43. b4 g5 44. Nb8 Bc4 45. Nd7+ Ke7 46. Ne5 gxf4+ 47. Kxf4 Be6 48. Nc6+ Kf6 49. Nd4 Bd7 50. Nb3 h5 51. Nc5 Bb5 52. a4 Bc4 53. Nb7 Ke6 54. Nd8+ Kd7 55. Nb7 Ke6 56. Kg5 Be2 57. Nc5+ Ke5 58. a5 Bc4 59. Kxh5 f4 1/2-1/2

[Event "SVK-chT2C 2324"]
[Site "Slovakia"]
[Date "2023.11.11"]
[Round "3.5"]
[White "Janik, Marek Tobias"]
[Black "Bojtos, Patrik"]
[Result "1-0"]
[WhiteElo "1946"]
[BlackElo "1944"]
[PlyCount "71"]
[EventDate "2023.10.07"]
[EventType "team-tourn"]
[EventRounds "11"]
[EventCountry "SVK"]
[SourceTitle "EXT 2025"]
[Source "ChessBase"]
[SourceDate "2024.10.14"]
[SourceVersion "1"]
[SourceVersionDate "2024.10.14"]
[SourceQuality "1"]
[WhiteTeam "Liptov Chess School III"]
[BlackTeam "Cebovce II"]
[WhiteTeamCountry "SVK"]
[BlackTeamCountry "SVK"]

1. d4 d5 2. c4 dxc4 3. Nf3 c5 4. e3 Nf6 5. Bxc4 e6 6. 0-0 Be7 7. Qe2 0-0 8. Rd1 Qc7 9. Nc3 a6 10. a4 b6 11. b3 Bb7 12. Bb2 cxd4 13. exd4 Nd5 14. Nxd5 exd5 15. Bd3 Nc6 16. Rac1 Qd6 17. Ne5 g6 18. Nxc6 Bxc6 19. Rxc6 Qxc6 20. Qxe7 Rfe8 21. Qg5 Qd6 22. g3 a5 23. Bb5 Re7 24. Bc1 Rc8 25. Bf4 Qd8 26. Be5 Ra7 27. Bf6 Qf8 28. Qxd5 Rac7 29. Qe5 Rc1 30. Rxc1 Rxc1+ 31. Kg2 Rc2 32. d5 Qc5 33. Qe8+ Qf8 34. Qxf8+ Kxf8 35. d6 Rd2 36. d7 1-0